[Event "East Lansing (MOR/7/21)"]
[Site "?"]
[Date "1993.??.??"]
[Round "?"]
[White "Carpenter, George"]
[Black "Vangilder, W."]
[Result "1/2-1/2"]
[WhiteElo "1605"]
[BlackElo "1605"]
[PlyCount "56"]
[EventDate "1993.??.??"]

{7/(21)} 1. Nf3 Nc6 2. g3 d5 3. Bg2 e5 4. d3 Nf6 5. O-O Be6 6. Nbd2 Qd7 7. e4
Bh3 8. c3 Bxg2 9. Kxg2 Bd6 10. Re1 dxe4 11. dxe4 O-O-O 12. Qc2 h5 13. h4 Ng4
14. Nc4 Be7 15. Ng5 Bc5 16. Re2 f6 17. Nf3 Qd1 18. Qxd1 Rxd1 19. b3 Rhd8 20.
Bb2 Rxa1 21. Bxa1 Rd1 22. Bb2 Bxf2 23. Rxf2 b5 24. Re2 bxc4 25. bxc4 Rd3 26. c5
Ne3+ 27. Kf2 Nc4 28. Ba1 Rd1 1/2-1/2

[Event "Flint (MI Senior/3)"]
[Site "?"]
[Date "1993.??.??"]
[Round "?"]
[White "Carpenter, George"]
[Black "Pulsipher, D."]
[Result "1-0"]
[WhiteElo "1605"]
[BlackElo "1770"]
[PlyCount "69"]
[EventDate "1993.??.??"]

1. Nf3 d5 2. g3 g6 3. Bg2 Bg7 4. O-O Nf6 5. d3 O-O 6. Nbd2 Nbd7 7. c3 e5 8. Re1
c6 9. e4 dxe4 10. Nxe4 Nxe4 11. dxe4 Nb6 12. Qc2 h6 13. h4 Bg4 14. Be3 Qc7 15.
Nh2 Be6 16. f4 Nc4 17. fxe5 Nxe3 18. Rxe3 Bxe5 19. Nf3 Bxg3 20. e5 Bf4 21. Qe2
Bf5 22. e6 Bxe3+ 23. Qxe3 Qb6 24. Nd4 fxe6 25. Kh1 Kh7 26. Qe5 Rae8 27. Rf1 Qd8
28. h5 Qh4+ 29. Kg1 Qxh5 30. b3 Qg5 31. Nf3 Qf6 32. Qh2 Qxc3 33. Ng5+ Kg7 34.
Qc7+ Kf6 35. Nh7# 1-0

[Event "East Lansing (MOR/1a/5)"]
[Site "?"]
[Date "1993.??.??"]
[Round "?"]
[White "Carpenter, George"]
[Black "Post, Robert"]
[Result "1/2-1/2"]
[WhiteElo "1605"]
[BlackElo "1740"]
[PlyCount "84"]
[EventDate "1993.??.??"]

1. Nf3 g6 2. g3 Bg7 3. Bg2 Nf6 4. O-O O-O 5. d3 d6 6. e4 e5 7. Nbd2 Nc6 8. c3
Nh5 9. Nb3 f5 10. d4 fxe4 11. Ng5 d5 12. f3 h6 13. Nh3 exf3 14. Rxf3 Rxf3 15.
Qxf3 e4 16. Qe2 b6 17. c4 Ba6 18. Be3 Bxc4 19. Qg4 Qe7 20. Qxg6 Qe8 21. Qg4 Kh8
22. Nf4 Nxf4 23. Qxf4 Qe7 24. Kh1 Rf8 25. Qg4 Nb4 26. Qd1 Nd3 27. Qd2 Qe6 28.
Nc1 Qg4 29. Nxd3 Bxd3 30. Bxh6 Bxh6 31. Qxh6+ Kg8 32. Qc6 Qg5 33. Qxc7 Rf7 34.
Qc1 Qg4 35. Qe3 Be2 36. h3 Qh5 37. Kg1 Bf3 38. g4 Qh4 39. Rf1 Qg3 40. Qf2 Qd6
41. Qe3 Qg3 42. Qf2 Qd6 1/2-1/2

[Event "East Lansing (MOR/2/29)"]
[Site "?"]
[Date "1993.??.??"]
[Round "?"]
[White "Carpenter, George"]
[Black "Leaman, P."]
[Result "1-0"]
[WhiteElo "1605"]
[BlackElo "1605"]
[PlyCount "79"]
[EventDate "1993.??.??"]

{2/(29)} 1. Nf3 Nc6 2. g3 Nf6 3. Bg2 g6 4. O-O Bg7 5. d3 O-O 6. e4 e5 7. Nbd2
d6 8. c3 a5 9. h4 b6 10. Re1 Re8 11. d4 Bb7 12. Qc2 exd4 13. Nxd4 Nxd4 14. cxd4
Nd7 15. Nf3 Rb8 16. Ng5 Bxd4 17. Qc4 Bg7 18. Nxf7 d5 19. Nxd8 dxc4 20. Nxb7
Rxb7 21. e5 Rbb8 22. e6 Nc5 23. e7 Nd3 24. Re2 Ne5 25. f4 Rxe7 26. fxe5 Bxe5
27. Bd5+ Kf8 28. Bh6+ Ke8 29. Bc6+ Kd8 30. Bg5 b5 31. Rxe5 Rb6 32. Bxe7+ Kc8
33. Re6 Rxc6 34. Rxc6 h5 35. Rd1 c3 36. Rxc3 b4 37. Rc4 b3 38. a3 a4 39. Rb4 g5
40. Rd8# 1-0

[Event "East Lansing (MOR/5/51)"]
[Site "?"]
[Date "1993.??.??"]
[Round "?"]
[White "Caron, L."]
[Black "Woods, I."]
[Result "1/2-1/2"]
[WhiteElo "1605"]
[BlackElo "1605"]
[PlyCount "137"]
[EventDate "1993.??.??"]

{5/(51)} 1. c4 c5 2. Nc3 Nf6 3. d3 g6 4. e4 e5 5. Nf3 d6 6. Bg5 Bg7 7. Be2 O-O
8. O-O Nc6 9. Nd5 Be6 10. Ne3 Qb6 11. b3 h6 12. Bxf6 Bxf6 13. h3 a5 14. a4 Nd4
15. Nxd4 exd4 16. Nc2 Qxb3 17. Qd2 g5 18. Rfb1 Qc3 19. Qxc3 dxc3 20. Rxb7 Rab8
21. Rbb1 Rfc8 22. Bd1 Be5 23. f3 f5 24. Rxb8 Rxb8 25. Rc1 fxe4 26. fxe4 Bd7 27.
Ne3 Bf4 28. Kf2 Rb2+ 29. Be2 c2 30. Rxc2 Rxc2 31. Nxc2 Bxa4 32. Na3 h5 33. Bxh5
Bb3 34. Kf3 Bc1 35. Nb5 Bd1+ 36. Kg3 Bxh5 37. h4 gxh4+ 38. Kxh4 a4 39. Kxh5 a3
40. Nxa3 Bxa3 41. g4 Bb2 42. g5 Ba1 43. g6 Bb2 44. Kg5 Be5 45. Kf5 Kg7 46. Kg5
Bh2 47. Kf5 Bg3 48. Kg5 Be5 49. Kf5 Kg8 50. Ke6 Bh2 51. Kf5 Bg3 52. Kg5 Kg7 53.
Kf5 Be5 54. Kg5 Bd4 55. Kf5 Bf6 56. Ke6 Kxg6 57. Kxd6 Bd4 58. Kd5 Kf6 59. e5+
Ke7 60. e6 Ke8 61. Kd6 Kd8 62. Kc6 Ke8 63. Kd6 Kd8 64. Kc6 Ke7 65. Kd5 Kf8 66.
Kd6 Bf2 67. Kd7 Bh4 68. Kd6 Bf2 69. Kd7 1/2-1/2

[Event "Ann Arbor (HVA/2/23)"]
[Site "?"]
[Date "1993.??.??"]
[Round "?"]
[White "Caron, L."]
[Black "Waller, A."]
[Result "0-1"]
[WhiteElo "1605"]
[BlackElo "1605"]
[PlyCount "54"]
[EventDate "1993.??.??"]

{2/(23)} 1. c4 e5 2. Nc3 Nf6 3. e4 Bc5 4. d3 Nc6 5. Be2 h6 6. Nf3 d6 7. O-O O-O
8. h3 Be6 9. a3 a5 10. Be3 Nd4 11. Rb1 c6 12. b4 axb4 13. axb4 Nxe2+ 14. Qxe2
Bxe3 15. Qxe3 Ra3 16. Qc1 Ra8 17. c5 Qc7 18. Nh4 Qd7 19. f3 Rfb8 20. g4 dxc5
21. Rd1 Qd4+ 22. Kg2 cxb4 23. Ne2 Ra2 24. Rd2 Qd6 25. d4 exd4 26. Rxd4 Rxe2+
27. Kf1 Qh2 0-1

[Event "Ann Arbor (HVA/5/21)"]
[Site "?"]
[Date "1993.??.??"]
[Round "?"]
[White "Caron, L."]
[Black "Vangilder, W."]
[Result "0-1"]
[WhiteElo "1605"]
[BlackElo "1605"]
[PlyCount "32"]
[EventDate "1993.??.??"]

{5/(21)} 1. c4 Nf6 2. Nc3 g6 3. d4 d5 4. c5 c6 5. Nf3 Bg7 6. h3 O-O 7. Bf4 Nh5
8. Bh2 b6 9. cxb6 Qxb6 10. b3 Ba6 11. Na4 Qb4+ 12. Qd2 Qxd2+ 13. Nxd2 Bxd4 14.
Rd1 Bb5 15. Nf3 Bg7 16. Nc3 Bxc3+ 0-1

[Event "Ann Arbor (HVA/1/22)"]
[Site "?"]
[Date "1993.??.??"]
[Round "?"]
[White "Caron, L."]
[Black "Rostrom, Richard"]
[Result "0-1"]
[WhiteElo "1605"]
[BlackElo "1685"]
[PlyCount "84"]
[EventDate "1993.??.??"]

{1/(22)} 1. c4 Nf6 2. Nc3 c6 3. d4 d5 4. c5 g6 5. e3 Bg7 6. Bd3 O-O 7. Nf3 Nbd7
8. O-O Re8 9. Re1 e5 10. e4 exd4 11. Nxd4 Nxc5 12. e5 Ng4 13. f4 Nh6 14. b4
Nxd3 15. Qxd3 Nf5 16. Nce2 Qb6 17. Bd2 f6 18. exf6 Bxf6 19. Bc3 Bd7 20. Kh1 Bg7
21. a3 Re3 22. Qd2 Rae8 23. Rac1 Nxd4 24. Nxd4 Rxe1+ 25. Rxe1 Rxe1+ 26. Qxe1
Bxd4 27. Bd2 Qd8 28. Bc3 Qf6 29. Bd2 b6 30. g3 Bf5 31. Qe8+ Kg7 32. Kg2 Be4+
33. Kh3 h5 34. g4 hxg4+ 35. Kxg4 Bf5+ 36. Kg3 Qe6 37. Qxe6 Bxe6 38. Kf3 b5 39.
h4 Bb2 40. Be3 a6 41. a4 bxa4 42. Bc5 a3 0-1

[Event "East Lansing (MOR/1a/21)"]
[Site "?"]
[Date "1993.??.??"]
[Round "?"]
[White "Caron, L."]
[Black "Griffin, John"]
[Result "0-1"]
[WhiteElo "1605"]
[BlackElo "1605"]
[PlyCount "56"]
[EventDate "1993.??.??"]

1. e4 c5 2. Nf3 Nc6 3. Nc3 e6 4. d4 cxd4 5. Nxd4 Nf6 6. Be2 Bb4 7. O-O Bxc3 8.
bxc3 Nxe4 9. Bb2 O-O 10. Rb1 a6 11. Bd3 Nf6 12. Ba3 Re8 13. Re1 Qc7 14. g3 Ne5
15. Be4 Nxe4 16. Rxe4 d5 17. Re3 Nc4 18. Rd3 Nxa3 19. Rb3 Nc4 20. Nf3 b5 21.
Ng5 h6 22. Nh3 Qe7 23. Qh5 Nb6 24. Rb4 e5 25. g4 d4 26. cxd4 Qxb4 27. dxe5 Bb7
28. Rd1 Qe4 0-1

[Event "East Lansing (MOR/3/48)"]
[Site "?"]
[Date "1993.??.??"]
[Round "?"]
[White "Caron, L."]
[Black "Carpenter, O."]
[Result "1/2-1/2"]
[WhiteElo "1605"]
[BlackElo "1605"]
[PlyCount "86"]
[EventDate "1993.??.??"]

{3/(48)} 1. c4 Nf6 2. Nc3 g6 3. d4 Bg7 4. e4 d6 5. d5 Nbd7 6. Be3 O-O 7. g3 h6
8. Qd2 Kh7 9. Bg2 Ne5 10. b3 Nfg4 11. O-O-O Nxe3 12. Qxe3 Ng4 13. Qe1 Bxc3 14.
Qxc3 Nxf2 15. Rf1 Nxh1 16. Bxh1 Bd7 17. Qb4 Rb8 18. Qc3 e5 19. Bg2 f5 20. exf5
Bxf5 21. Qe1 Qg5+ 22. Qd2 Qxd2+ 23. Kxd2 Rf6 24. Bh3 Rbf8 25. Bxf5 Rxf5 26.
Rxf5 Rxf5 27. h4 Rf2+ 28. Ne2 Kg7 29. Ke1 Rf8 30. Nc3 a6 31. Ke2 Kf6 32. Ne4+
Kf5 33. Nf2 g5 34. h5 Kf6 35. g4 Ke7 36. Ke3 Kd7 37. Ne4 Ke7 38. Ng3 Kf6 39.
Nf5 a5 40. a4 b6 41. Nxh6 Kg7 42. Nf5+ Kh7 43. Ke4 Rf7 1/2-1/2

[Event "East Lansing (MOR/6/47)"]
[Site "?"]
[Date "1993.??.??"]
[Round "?"]
[White "Caron, L."]
[Black "Boyer, Mike"]
[Result "0-1"]
[WhiteElo "1605"]
[BlackElo "1605"]
[PlyCount "58"]
[EventDate "1993.??.??"]

{6/(47)} 1. c4 e5 2. Nc3 Nf6 3. Nf3 Nc6 4. e3 Bb4 5. a3 Bxc3 6. bxc3 d6 7. d4
e4 8. Nd2 Bg4 9. Be2 Bxe2 10. Qxe2 Qd7 11. Rb1 Rb8 12. d5 Ne5 13. O-O Qf5 14.
f3 exf3 15. Nxf3 Nxf3+ 16. Rxf3 Qxb1 17. Rf1 O-O 18. Bd2 Qg6 19. h3 Ne4 20. Be1
Rbe8 21. g4 f5 22. Rf4 h5 23. a4 fxg4 24. h4 Rxf4 25. exf4 Ng3 26. Qf2 Ne2+ 27.
Kf1 Qe4 28. Qg2 Qxc4 29. Kf2 Qxf4+ 0-1

[Event "East Lansing (MOR/4/35)"]
[Site "?"]
[Date "1993.??.??"]
[Round "?"]
[White "Carne, L."]
[Black "Stockman, David"]
[Result "0-1"]
[WhiteElo "1605"]
[BlackElo "1675"]
[PlyCount "120"]
[EventDate "1993.??.??"]

{4/(35)} 1. g3 d5 2. Bg2 Nf6 3. d3 Bf5 4. c4 e6 5. Nf3 dxc4 6. Qa4+ c6 7. Qxc4
Qd5 8. Qc3 Qd7 9. Ne5 Qc7 10. O-O Bd6 11. Nc4 Nbd7 12. Nxd6+ Qxd6 13. e4 Bg6
14. e5 Nxe5 15. d4 Ned7 16. Bf4 Qe7 17. Nd2 O-O 18. Nc4 Rac8 19. Rfe1 Nd5 20.
Qf3 Nxf4 21. Qxf4 Nf6 22. Bf3 Rcd8 23. Ne5 Nd5 24. Nxg6 hxg6 25. Qd2 Qb4 26.
Re2 Qxd2 27. Rxd2 Rd6 28. a3 Rfd8 29. Rc1 Ne7 30. Rc4 Nf5 31. Rb4 Nxd4 32. Kg2
b5 33. Rbxd4 Rxd4 34. Rc2 Rd2 35. Rxc6 Rxb2 36. Ra6 Rdd2 37. Bc6 Rxf2+ 38. Kh3
f5 39. Kh4 Rxh2+ 40. Kg5 Kh7 41. Bf3 Rb3 42. Bg4 Rxg3 43. Kf4 Rxg4+ 44. Ke5
Re2+ 45. Kd6 Ra4 46. Rc6 Rxa3 47. Ke7 b4 48. Kf8 b3 49. Rc1 g5 50. Kf7 Re4 51.
Rc8 b2 52. Rg8 b1=Q 53. Rxg7+ Kh6 54. Rg6+ Kh5 55. Kf6 Qb2+ 56. Kf7 Qb7+ 57.
Kf6 Qe7+ 58. Kxe7 Kxg6 59. Kd6 Rd3+ 60. Ke7 a5 0-1

[Event "East Lansing (MOR/6/33)"]
[Site "?"]
[Date "1993.??.??"]
[Round "?"]
[White "Carne, L."]
[Black "Cooper, Willie"]
[Result "0-1"]
[WhiteElo "1605"]
[BlackElo "1605"]
[PlyCount "42"]
[EventDate "1993.??.??"]

{6/(33)} 1. g3 d5 2. e3 Nf6 3. Ne2 Bg4 4. Bg2 e5 5. O-O Bc5 6. c4 O-O 7. Qb3
Bxe2 8. Re1 Bxc4 9. Qxb7 Nbd7 10. Qc6 Rb8 11. Qa4 e4 12. Bf1 Ne5 13. Be2 Bxe2
14. Rxe2 Qc8 15. f4 Nf3+ 16. Kf1 Qh3+ 17. Rg2 Ng4 18. Ke2 Qxg2+ 19. Kd1 Qf1+
20. Kc2 Qd3+ 21. Kd1 Nf2# 0-1

[Event "East Lansing (MOR/2/23)"]
[Site "?"]
[Date "1993.??.??"]
[Round "?"]
[White "Carne, L."]
[Black "Basas, J."]
[Result "0-1"]
[WhiteElo "1605"]
[BlackElo "1650"]
[PlyCount "103"]
[EventDate "1993.??.??"]

{2/(23)} 1. e4 e5 2. Nc3 Bc5 3. Bc4 Nf6 4. d3 d6 5. Bg5 Bxf2+ 6. Kd2 c6 7. Qf3
Qb6 8. Bxf6 gxf6 9. Nd1 Bh4 10. Bxf7+ Ke7 11. Nh3 Bxh3 12. Qxh3 Bg5+ 13. Ke2
Kxf7 14. Rf1 h5 15. Qf5 Rg8 16. h4 Bf4 17. Qxh5+ Kf8 18. g4 Qc7 19. Ne3 Qg7 20.
Rg1 Rh8 21. Qf5 Qd7 22. Qxf6+ Kg8 23. Nf5 Rh7 24. Raf1 Qf7 25. g5 Qxf6 26.
gxf6+ Kf7 27. Rg7+ Rxg7 28. fxg7 Nd7 29. h5 Nf6 30. Rg1 Nxh5 31. Rh1 Nxg7 32.
Nxd6+ Ke7 33. Nf5+ Nxf5 34. exf5 Kf6 35. Kf3 Kxf5 36. c4 b6 37. a3 Rd8 38. Rd1
c5 39. b4 Rg8 40. bxc5 bxc5 41. Rb1 Rg3+ 42. Kf2 Rxd3 43. a4 Rd4 44. Rb7 a5 45.
Rb5 Rxc4 46. Rxa5 e4 47. Ra8 Rc2+ 48. Ke1 e3 49. Re8 Kg4 50. a5 Kf3 51. Rxe3+
Bxe3 52. a6 0-1

[Event "Eastpointe (MI Action/4/10)"]
[Site "?"]
[Date "1993.??.??"]
[Round "?"]
[White "Calton, David A"]
[Black "Walker, Douglas"]
[Result "1/2-1/2"]
[WhiteElo "1740"]
[BlackElo "1955"]
[PlyCount "75"]
[EventDate "1993.??.??"]

{4/(10)} 1. d4 Nf6 2. Nf3 e6 3. e3 d5 4. Bd3 c5 5. c3 Be7 6. O-O Nc6 7. Qe2 O-O
8. Nbd2 Re8 9. Re1 Qc7 10. e4 cxd4 11. Nxd4 Nxd4 12. cxd4 dxe4 13. Nxe4 Nd5 14.
Ng5 h6 15. Nf3 Nf4 16. Qc2 Bd6 17. Qxc7 Bxc7 18. Bb5 Rd8 19. g3 Nd5 20. Bc4 Nf6
21. b3 a6 22. Bb2 b5 23. Bf1 Bb7 24. Bg2 Rac8 25. Red1 Bb6 26. Ne1 Bxg2 27.
Kxg2 Rd5 28. Rd3 Rcd8 29. Rad1 Ba5 30. Nc2 e5 31. Ne3 R5d7 32. d5 e4 33. Bxf6
gxf6 34. Rd4 Bb6 35. Rxe4 Bxe3 36. Rxe3 Rxd5 37. Rxd5 Rxd5 38. Re2 1/2-1/2

[Event "Lansing (MI Am/3)"]
[Site "?"]
[Date "1993.??.??"]
[Round "?"]
[White "Calton, David A"]
[Black "Troupe, D."]
[Result "1-0"]
[WhiteElo "1735"]
[BlackElo "1605"]
[PlyCount "41"]
[EventDate "1993.??.??"]

1. d4 d5 2. Nf3 Nf6 3. e3 a6 4. Bd3 Bg4 5. Nbd2 e6 6. h3 Bh5 7. g4 Bg6 8. Bxg6
hxg6 9. Ne5 Nbd7 10. c4 dxc4 11. Ndxc4 Bb4+ 12. Bd2 Qe7 13. a3 Bxd2+ 14. Qxd2
Rd8 15. O-O-O Ne4 16. Qc2 f5 17. Nxg6 Qg5 18. Nxh8 Ke7 19. f3 Nef6 20. f4 Qh4
21. Ng6+ 1-0

[Event "Lansing (MI Am/5)"]
[Site "?"]
[Date "1993.??.??"]
[Round "?"]
[White "Calton, David A"]
[Black "Smith, Mike A"]
[Result "0-1"]
[WhiteElo "1735"]
[BlackElo "1915"]
[PlyCount "26"]
[EventDate "1993.??.??"]

1. d4 Nf6 2. Nf3 c5 3. e3 cxd4 4. exd4 d5 5. c3 Bg4 6. Bf4 Nc6 7. Bb5 e6 8. Qa4
Qb6 9. Ne5 Rc8 10. c4 a6 11. Bxc6+ bxc6 12. c5 Qxb2 13. Nxc6 Qe2# 0-1

[Event "Flint (Class B/5)"]
[Site "?"]
[Date "1993.??.??"]
[Round "?"]
[White "Calton, David A"]
[Black "Rostrom, Richard"]
[Result "1-0"]
[WhiteElo "1785"]
[BlackElo "1605"]
[PlyCount "85"]
[EventDate "1993.??.??"]

1. d4 Nf6 2. Nf3 g6 3. Nbd2 Bg7 4. e4 d6 5. Bd3 O-O 6. O-O Nc6 7. c3 e5 8. Nc4
Bg4 9. dxe5 dxe5 10. h3 Bxf3 11. Qxf3 h6 12. Bc2 Qe7 13. Be3 Rad8 14. Rad1 Rxd1
15. Rxd1 Rd8 16. Rxd8+ Qxd8 17. Bb3 b5 18. Na3 a6 19. Nc2 Na5 20. Nb4 Nxb3 21.
axb3 a5 22. Nc6 Qd6 23. Nxa5 Qd3 24. Nc6 Nxe4 25. Ne7+ Kf8 26. Nxg6+ Kg8 27.
Ne7+ Kf8 28. Nf5 Kg8 29. Nxg7 Qb1+ 30. Kh2 Kxg7 31. Qg4+ Ng5 32. Bxg5 hxg5 33.
Qxg5+ Qg6 34. Qxg6+ Kxg6 35. Kg3 Kg5 36. h4+ Kh5 37. Kh3 f5 38. g3 e4 39. Kg2
Kg4 40. Kf1 f4 41. Ke2 c5 42. gxf4 Kxf4 43. h5 1-0

[Event "East Lansing (MOR/7/14)"]
[Site "?"]
[Date "1993.??.??"]
[Round "?"]
[White "Calton, David A"]
[Black "Nixon, Peter"]
[Result "1-0"]
[WhiteElo "1750"]
[BlackElo "1605"]
[PlyCount "37"]
[EventDate "1993.??.??"]

{7/(14)} 1. d4 d5 2. Nf3 Nf6 3. e3 e6 4. Bd3 c5 5. c3 Nc6 6. Nbd2 Be7 7. Qe2
O-O 8. O-O cxd4 9. exd4 Re8 10. Ne5 Bd6 11. Ndf3 Nd7 12. Bf4 Qc7 13. Bg3 f6 14.
Nxd7 Bxg3 15. Nxf6+ gxf6 16. fxg3 Bd7 17. Nh4 Qd8 18. Qg4+ Kh8 19. Qh5 1-0

[Event "Flint (Class B/3)"]
[Site "?"]
[Date "1993.??.??"]
[Round "?"]
[White "Calton, David A"]
[Black "Munger, Larry"]
[Result "0-1"]
[WhiteElo "1785"]
[BlackElo "1730"]
[PlyCount "70"]
[EventDate "1993.??.??"]

1. d4 Nf6 2. Nf3 g6 3. e3 Bg7 4. Bd3 c5 5. c3 d6 6. Nbd2 Nc6 7. O-O O-O 8. Qe2
Bg4 9. h3 Bxf3 10. Qxf3 cxd4 11. exd4 d5 12. Nb3 e5 13. Qe3 e4 14. Bb5 Qc7 15.
Qf4 Qxf4 16. Bxf4 a6 17. Bxc6 bxc6 18. Nc5 Rfe8 19. Rfe1 Bf8 20. Be5 Bxc5 21.
Bxf6 Bd6 22. Re2 Re6 23. Bg5 Rae8 24. Rae1 Kg7 25. g3 f5 26. h4 h6 27. Bf4 Bxf4
28. gxf4 Kf6 29. Kh2 g5 30. fxg5+ hxg5 31. hxg5+ Kxg5 32. Rg1+ Kf4 33. Rg3 Rh8+
34. Kg2 Reh6 35. Rc2 Rh1 0-1

[Event "Flint (MI Jr/1)"]
[Site "?"]
[Date "1993.??.??"]
[Round "?"]
[White "Calton, David A"]
[Black "McNeil, Yaking"]
[Result "1-0"]
[WhiteElo "1785"]
[BlackElo "1605"]
[PlyCount "57"]
[EventDate "1993.??.??"]

1. d4 Nf6 2. Nf3 g6 3. Nbd2 Bg7 4. e4 d6 5. Bd3 Bg4 6. c3 O-O 7. O-O e5 8. h3
Bh5 9. g4 Nxg4 10. hxg4 Bxg4 11. Be2 Bxf3 12. Bxf3 exd4 13. cxd4 Bxd4 14. Nb3
Be5 15. Bg2 Qh4 16. f4 Bf6 17. Qf3 Nc6 18. Rd1 Ne7 19. Rb1 Rad8 20. Be3 b6 21.
Bf2 Qh6 22. Nd4 c5 23. Nb5 Qg7 24. b3 Nc6 25. e5 dxe5 26. Qxc6 Rxd1+ 27. Rxd1
exf4 28. Nxa7 Re8 29. Qxe8+ 1-0

[Event "East Lansing (MOR/3/5)"]
[Site "?"]
[Date "1993.??.??"]
[Round "?"]
[White "Calton, David A"]
[Black "Mankiewicz, Ryan"]
[Result "0-1"]
[WhiteElo "1750"]
[BlackElo "1625"]
[PlyCount "120"]
[EventDate "1993.??.??"]

{3/(5)} 1. d4 Nf6 2. Nf3 b6 3. e3 Bb7 4. Bd3 g6 5. Nbd2 Bg7 6. c3 d6 7. Qe2
Nbd7 8. e4 O-O 9. Nc4 c5 10. O-O b5 11. Ncd2 c4 12. Bc2 Qc7 13. Re1 e5 14. Nf1
a5 15. a3 Rac8 16. Bd2 exd4 17. Nxd4 Rfe8 18. Nxb5 Qb6 19. a4 Nxe4 20. Bxe4
Bxe4 21. Be3 Qa6 22. Red1 Bd3 23. Qf3 Ne5 24. Qd5 Red8 25. Ng3 Qc6 26. Qxc6
Nxc6 27. Rd2 d5 28. Rad1 h5 29. Ne2 Bxe2 30. Rxe2 Rd7 31. Bd4 Bxd4 32. Nxd4
Nxd4 33. Rxd4 Kf8 34. f3 Re8 35. Red2 Red8 36. Kf2 Rd6 37. Kg3 R8d7 38. f4 Ke8
39. Kf3 Kd8 40. h3 Kc7 41. g4 hxg4+ 42. hxg4 Kb6 43. Re2 Re6 44. Rxe6+ fxe6 45.
Rd2 Rh7 46. Kg3 Rh1 47. Rh2 Rxh2 48. Kxh2 Kc5 49. Kg2 d4 50. Kf3 d3 51. Ke3 Kd5
52. Kf3 d2 53. Ke2 Ke4 54. Kxd2 Kxf4 55. Kc2 e5 56. b4 cxb3+ 57. Kxb3 e4 58.
Kc2 Kf3 59. c4 e3 60. Kd1 Kf2 0-1

[Event "Eastpointe (MI Action/6/6)"]
[Site "?"]
[Date "1993.??.??"]
[Round "?"]
[White "Calton, David A"]
[Black "Levadi, David"]
[Result "1/2-1/2"]
[WhiteElo "1740"]
[BlackElo "1930"]
[PlyCount "44"]
[EventDate "1993.??.??"]

{6/(6)} 1. d4 Nf6 2. Nf3 d5 3. e3 Bf5 4. Bd3 Bxd3 5. Qxd3 e6 6. Nbd2 Nbd7 7. c3
Bd6 8. e4 dxe4 9. Nxe4 Nxe4 10. Qxe4 c6 11. O-O O-O 12. Bg5 Be7 13. Bxe7 Qxe7
14. Ne5 Rfd8 15. Nxd7 Rxd7 16. Rfe1 Rad8 17. Re2 c5 18. dxc5 Qxc5 19. Qc2 g6
20. Rae1 Qc4 21. a3 Kg7 22. f3 Rd3 1/2-1/2

[Event "Flint (Class B/1)"]
[Site "?"]
[Date "1993.??.??"]
[Round "?"]
[White "Calton, David A"]
[Black "Kamberi, Sonny"]
[Result "1/2-1/2"]
[WhiteElo "1785"]
[BlackElo "1660"]
[PlyCount "101"]
[EventDate "1993.??.??"]

1. d4 Nf6 2. Nf3 d5 3. e3 c5 4. c3 Qc7 5. Bd3 g6 6. Nbd2 Bg7 7. O-O O-O 8. Qe2
Nbd7 9. Re1 b6 10. e4 dxe4 11. Nxe4 Re8 12. g3 Bb7 13. Bf4 Qc8 14. Rad1 Nxe4
15. Bxe4 Bxe4 16. Qxe4 Nf6 17. Qe2 Nd5 18. Be5 Qg4 19. Bxg7 Kxg7 20. Ne5 Qxe2
21. Rxe2 cxd4 22. Rxd4 e6 23. Nc6 Rec8 24. c4 Rxc6 25. cxd5 Rd6 26. Rc4 Rxd5
27. Rc7 Rd6 28. Rec2 a5 29. Rb7 Kf6 30. Rcc7 Rf8 31. h4 h5 32. Kg2 Ke5 33. f4+
Ke4 34. Rc4+ Kd5 35. Rc3 Rc6 36. Rb3 Kc5 37. a4 f6 38. Rc3+ Kd6 39. Rd3+ Kc5
40. Rg7 Rd6 41. Rxd6 Kxd6 42. Rxg6 f5 43. Rh6 Rc8 44. Rxh5 Rc2+ 45. Kh3 Rxb2
46. Rh8 Kd5 47. Rb8 Ke4 48. Rc8 Rb1 49. Rc4+ Kf3 50. Rc3+ Ke4 51. Kg2 1/2-1/2

[Event "Lansing (MI Am/1)"]
[Site "?"]
[Date "1993.??.??"]
[Round "?"]
[White "Calton, David A"]
[Black "Friedland, J."]
[Result "1-0"]
[WhiteElo "1735"]
[BlackElo "1605"]
[PlyCount "49"]
[EventDate "1993.??.??"]

1. d4 e6 2. e4 Nc6 3. Nf3 Be7 4. Bd3 Nf6 5. c3 O-O 6. O-O b6 7. Be3 Bb7 8. Qc2
g6 9. Nbd2 d5 10. e5 Nd7 11. Bh6 Re8 12. Rfe1 Bf8 13. Bxf8 Rxf8 14. Nf1 Re8 15.
Qd2 Ne7 16. Qh6 Nf8 17. Ne3 c5 18. Ng4 Nf5 19. Bxf5 exf5 20. Nf6+ Kh8 21. Ng5
Qe7 22. Re3 Bc8 23. Rh3 Be6 24. Qxf8+ Qxf8 25. Rxh7# 1-0

[Event "East Lansing (MOR/1a/4)"]
[Site "?"]
[Date "1993.??.??"]
[Round "?"]
[White "Calton, David A"]
[Black "Cunningham, J."]
[Result "1-0"]
[WhiteElo "1750"]
[BlackElo "1605"]
[PlyCount "51"]
[EventDate "1993.??.??"]

1. d4 d5 2. Nf3 e6 3. e3 Nf6 4. Bd3 Be7 5. Nbd2 Nbd7 6. c3 O-O 7. O-O c5 8. Qe2
c4 9. Bc2 Re8 10. e4 Nb6 11. Re1 dxe4 12. Nxe4 h6 13. Ne5 Qc7 14. Qf3 Nbd5 15.
Qg3 Nxe4 16. Bxe4 f6 17. Bxh6 Bf8 18. Qg6 f5 19. Bxd5 exd5 20. Qxe8 gxh6 21.
Re3 f4 22. Qg6+ Bg7 23. Rf3 Bd7 24. Rxf4 Rf8 25. Rxf8+ Kxf8 26. Qf7# 1-0

[Event "Flint (MI Jr/4)"]
[Site "?"]
[Date "1993.??.??"]
[Round "?"]
[White "Calton, David A"]
[Black "Charette, K."]
[Result "1-0"]
[WhiteElo "1785"]
[BlackElo "1605"]
[PlyCount "137"]
[EventDate "1993.??.??"]

1. d4 d5 2. Nf3 Nf6 3. e3 g6 4. Bd3 Bg7 5. Nbd2 O-O 6. O-O Nc6 7. c3 Re8 8. e4
e5 9. dxe5 Nxe5 10. Nxe5 Rxe5 11. Nf3 Bg4 12. Bf4 Re8 13. e5 Nh5 14. Bg5 Qxg5
15. Nxg5 Bxd1 16. Raxd1 Rxe5 17. Nf3 Ree8 18. Bb1 c6 19. Nd4 Nf4 20. Rfe1 a6
21. g3 Ne6 22. Nxe6 fxe6 23. f4 e5 24. fxe5 Bxe5 25. Bd3 Re6 26. Re2 Rf8 27.
Rde1 Rfe8 28. Kg2 Kg7 29. h3 R6e7 30. g4 Bd6 31. b3 Rxe2+ 32. Rxe2 Rxe2+ 33.
Bxe2 Kf6 34. Kf3 Ke5 35. Ke3 c5 36. Bd3 d4+ 37. cxd4+ cxd4+ 38. Kf3 Bb4 39. Be4
b6 40. Bd3 a5 41. Bc4 g5 42. a4 h6 43. Bd3 Ba3 44. Kg3 Bd6 45. Kf3 Kd5 46. Bc4+
Kc5 47. Ke4 Bf8 48. Be6 Bg7 49. Bc4 Kd6 50. Kf5 Ke7 51. Kg6 Kf8 52. Bd3 Kg8 53.
Bb5 d3 54. Bxd3 Bd4 55. Kxh6 Kf8 56. Kxg5 Kg7 57. h4 Bf6+ 58. Kh5 b5 59. Bxb5
Be7 60. g5 Bd8 61. Kg4 Kg6 62. h5+ Kh7 63. h6 Kg6 64. Be8+ Kh7 65. Kh5 Bc7 66.
g6+ Kh8 67. g7+ Kg8 68. Kg6 Be5 69. h7# 1-0

[Event "East Lansing (MI Op/7/10)"]
[Site "?"]
[Date "1993.??.??"]
[Round "?"]
[White "Calton, Bill"]
[Black "Walker, Douglas"]
[Result "1/2-1/2"]
[WhiteElo "2085"]
[BlackElo "1915"]
[PlyCount "41"]
[EventDate "1993.??.??"]

{7/(10)} 1. e4 e6 2. d4 c5 3. c3 cxd4 4. cxd4 d5 5. e5 Bd7 6. Nf3 Nc6 7. Nc3
Bb4 8. Bd3 f6 9. exf6 Nxf6 10. O-O O-O 11. Bg5 a6 12. Rc1 Bd6 13. Re1 Qc7 14.
Bb1 Bf4 15. Bxf4 Qxf4 16. Ne2 Qh6 17. Ng3 Rae8 18. Ne5 Qf4 19. Nxc6 Bxc6 20. h3
Re7 21. Rc3 1/2-1/2

[Event "Eastpointe (MI Action/5/2)"]
[Site "?"]
[Date "1993.??.??"]
[Round "?"]
[White "Calton, Bill"]
[Black "Thompson, Dexter"]
[Result "1-0"]
[WhiteElo "2110"]
[BlackElo "2235"]
[PlyCount "59"]
[EventDate "1993.??.??"]

{5/(2)} 1. d4 d5 2. Nf3 c6 3. Bg5 Bf5 4. c3 Qb6 5. Qb3 Nd7 6. e3 Ngf6 7. Nbd2
a5 8. Be2 Qxb3 9. axb3 Ne4 10. Nxe4 dxe4 11. Nd2 f6 12. Bf4 e5 13. dxe5 fxe5
14. Bg3 Bd6 15. b4 a4 16. b3 Nb6 17. bxa4 Nxa4 18. Nc4 Ke7 19. Nxd6 Kxd6 20.
O-O-O+ Ke6 21. Bc4+ Kf6 22. Rd6+ Ke7 23. Rhd1 Rhe8 24. Bxe5 Nb6 25. Bb3 Kf8 26.
Bf4 Ra3 27. Kb2 Rea8 28. Rd8+ Rxd8 29. Rxd8+ Ke7 30. Bg5# 1-0

[Event "Eastpointe (MI Action/2/6)"]
[Site "?"]
[Date "1993.??.??"]
[Round "?"]
[White "Calton, Bill"]
[Black "Smith, Ed"]
[Result "1/2-1/2"]
[WhiteElo "2110"]
[BlackElo "1820"]
[PlyCount "75"]
[EventDate "1993.??.??"]

{2/(6)} 1. e4 c5 2. Nc3 d6 3. g3 Nc6 4. Bg2 e6 5. Nge2 Be7 6. O-O Bf6 7. d3
Nge7 8. f4 Nd4 9. e5 dxe5 10. Ne4 Nd5 11. Nxf6+ Qxf6 12. c3 Nf5 13. Qa4+ Bd7
14. Qe4 Bc6 15. fxe5 Qg6 16. Nf4 Nxf4 17. Qxf4 Bxg2 18. Kxg2 O-O 19. Be3 b6 20.
Bg1 Rad8 21. Rad1 h5 22. h3 Rd5 23. Rd2 Rfd8 24. Rfd1 Ne7 25. c4 Rxd3 26. Rxd3
Rxd3 27. Rxd3 Qxd3 28. Bf2 Nc6 29. b3 Qe2 30. Qf3 Qxf3+ 31. Kxf3 Nxe5+ 32. Ke4
Nc6 33. Be1 f6 34. Bc3 Kf7 35. Kf4 g5+ 36. Ke4 f5+ 37. Ke3 e5 38. a3 1/2-1/2